[Event "ICS rated standard match"]
[Site "204.178.125.65"]
[Date "2000.07.11"]
[Round "?"]
[White "JZInsomniac"]
[Black "Hossa"]
[Result "1-0"]
[WhiteElo "2627"]
[BlackElo "2396"]
[PlyCount "89"]
[EventDate "2000.??.??"]

1. e4 c5 2. Nf3 e6 3. d4 cxd4 4. Nxd4 a6 5. Nc3 Qc7 6. Bd3 b5 7. f4 Nc6 8. Be3
Nxd4 9. Bxd4 Qxf4 10. Rf1 Qxh2 11. Qf3 Nh6 12. g3 Qh3 13. Be2 e5 14. Bxe5 d6
15. Bf4 Bg4 16. Qf2 Bxe2 17. Nxe2 Qe6 18. Qb6 d5 19. Qb7 Rd8 20. O-O-O Rd7 21.
Bc7 Be7 22. Nd4 Qg6 23. Qc8+ Bd8 24. exd5 Rxc7 25. Rfe1+ Re7 26. Rxe7+ Kxe7 27.
Re1+ Kf6 28. Qxa6+ Kg5 29. Nf3+ Kh5 30. Rh1+ Kg4 31. Ne5+ Kxg3 32. Qa3+ Kf4 33.
Nxg6+ hxg6 34. Qb4+ Kf5 35. Rf1+ Ke5 36. Qc3+ Kd6 37. Re1 Bg5+ 38. Kb1 Kxd5 39.
Re5+ Kd6 40. Qd4+ Kc7 41. Rc5+ Kb7 42. Rxb5+ Kc7 43. Rc5+ Kb7 44. Qb4+ Ka7 45.
Ra5# {Hossa checkmated} 1-0

[Event "ICS rated standard match"]
[Site "204.178.125.65"]
[Date "2000.07.11"]
[Round "?"]
[White "Hossa"]
[Black "PostModernist"]
[Result "1/2-1/2"]
[WhiteElo "2389"]
[BlackElo "2404"]
[PlyCount "92"]
[EventDate "2000.??.??"]

1. e4 c5 2. Nf3 g6 3. Nc3 Nc6 4. Bb5 Bg7 5. d3 Bxc3+ 6. bxc3 Qa5 7. Bxc6 dxc6
8. Bd2 Bg4 9. c4 Qa4 10. Qb1 Qa6 11. Ne5 Be6 12. a4 f6 13. Nf3 Bg4 14. a5 Bxf3
15. gxf3 O-O-O 16. Be3 h5 17. Bxc5 g5 18. O-O Rh7 19. Qb4 e6 20. Bb6 Re8 21.
Qc5 Kb8 22. Qd6+ Kc8 23. Be3 e5 24. Rfb1 Rd7 25. Qb4 Ne7 26. Qe1 Ng6 27. Bc5
Nh4 28. Qe2 Rg8 29. Qe3 Kb8 30. Kf1 Rh7 31. Ra3 g4 32. f4 Nf3 33. fxe5 fxe5 34.
Bd6+ Kc8 35. Ke2 Rd8 36. Qc5 h4 37. Rb6 Nd4+ 38. Kf1 g3 39. Rxa6 gxh2 40. Rxc6+
bxc6 41. Kg2 Rg8+ 42. Kxh2 Nf3+ 43. Kh3 Ng1+ 44. Kh2 Nf3+ 45. Kh3 Ng1+ 46. Kh2
Nf3+ 1/2-1/2

[Event "ICS rated blitz match"]
[Site "204.178.125.65"]
[Date "2000.07.11"]
[Round "?"]
[White "Hossa"]
[Black "PostModernist"]
[Result "0-1"]
[WhiteElo "2514"]
[BlackElo "2710"]
[PlyCount "126"]
[EventDate "2000.??.??"]

1. e4 e6 2. d4 d5 3. Nc3 Nc6 4. e5 Bd7 5. Nf3 f6 6. a3 fxe5 7. dxe5 Bc5 8. b4
Bb6 9. b5 Na5 10. Na4 Ne7 11. Nxb6 axb6 12. Bd3 Nc4 13. O-O Bxb5 14. Nd4 Qd7
15. Qg4 O-O-O 16. Nxb5 Qxb5 17. Qxe6+ Qd7 18. Qxd7+ Kxd7 19. f4 b5 20. Rb1 Kc6
21. Rd1 Ra8 22. Kf2 Rhf8 23. Ke2 Nf5 24. c3 h5 25. g3 b6 26. Kf2 g6 27. Bxc4
bxc4 28. h3 h4 29. gxh4 Nxh4 30. Kg3 Nf5+ 31. Kg2 Rh8 32. Kh2 b5 33. e6 Rhe8
34. Re1 d4 35. Re5 Ra5 36. a4 Rxa4 37. Rbxb5 dxc3 38. Rbc5+ Kb6 39. Rb5+ Ka6
40. Rb1 Ra2+ 41. Kg1 Nd4 42. Re3 Ne2+ 43. Kh1 c2 44. Rb6+ cxb6 45. Rxe2 Re7 46.
Kg2 b5 47. Re4 c3 48. Kf2 b4 49. Rxb4 Ra1 50. Be3 Rxe6 51. Rb8 Rh1 52. Ra8+ Kb7
53. Ra7+ Kb8 54. Rh7 Rxe3 55. Kxe3 c1=Q+ 56. Ke4 Qb1+ 57. Ke3 c2 58. Rh8+ Kc7
59. Rh7+ Kc6 60. Rc7+ Kxc7 61. Kd4 c1=Q 62. Ke5 Qf5+ 63. Kd4 Qcc5# {
Hossa checkmated} 0-1

[Event "ICS rated bullet match"]
[Site "204.178.125.65"]
[Date "2000.07.11"]
[Round "?"]
[White "JSBach"]
[Black "Hossa"]
[Result "0-1"]
[WhiteElo "2116"]
[BlackElo "2511"]
[PlyCount "52"]
[EventDate "2000.??.??"]

1. d4 d5 2. Nc3 Nf6 3. Bf4 c5 4. dxc5 d4 5. Na4 Qa5+ 6. c3 Bd7 7. Bxb8 Rxb8 8.
b3 Bxa4 9. Rc1 Bd7 10. Qxd4 Qxa2 11. Qb4 Nd5 12. Qc4 Qb2 13. Kd1 Rd8 14. Qd4
Bc6 15. Qd3 Nxc3+ 16. Rxc3 Qxc3 17. Nh3 Rxd3+ 18. exd3 Qxb3+ 19. Kd2 e6 20. d4
Qb2+ 21. Kd3 Bb5+ 22. Ke4 Bxf1 23. Rg1 f5+ 24. Ke5 Qe2+ 25. Kf4 Qe4+ 26. Kg3
Qg4# {JSBach checkmated} 0-1

[Event "ICS rated blitz match"]
[Site "204.178.125.65"]
[Date "2000.07.11"]
[Round "?"]
[White "harimau"]
[Black "Hossa"]
[Result "1-0"]
[WhiteElo "2874"]
[BlackElo "2506"]
[PlyCount "87"]
[EventDate "2000.??.??"]

1. d4 d5 2. c4 dxc4 3. Nf3 b5 4. a4 c6 5. e3 e6 6. axb5 cxb5 7. b3 Nf6 8. bxc4
b4 9. c5 a5 10. Ne5 Bd7 11. Nxd7 Qxd7 12. Qa4 Qxa4 13. Rxa4 Nbd7 14. Nd2 Bxc5
15. dxc5 Nxc5 16. Ra2 Kf8 17. Rc2 Nfd7 18. Bb2 Rd8 19. Bd4 Nb7 20. Rc7 Nd6 21.
Ra7 e5 22. Bb2 f6 23. Nb3 Ke7 24. Nxa5 Rc8 25. Bd3 e4 26. Bb1 Rc5 27. Nb3 Rg5
28. O-O Rb8 29. Rd1 Rd8 30. Bc2 Rb5 31. Nd4 Rc5 32. Ba4 h5 33. Nc6+ Rxc6 34.
Bxc6 Ke6 35. Rd4 g5 36. Bd5+ Kf5 37. Ra6 Nc5 38. Ra5 Rc8 39. Bb3 Ndb7 40. Bf7
Rc6 41. Rd5+ Kg4 42. h3+ Kh4 43. Kh2 Nxa5 44. g3# {Hossa checkmated} 1-0

[Event "ICS rated blitz match"]
[Site "204.178.125.65"]
[Date "2000.07.11"]
[Round "?"]
[White "Hossa"]
[Black "aboutarek"]
[Result "1-0"]
[WhiteElo "2503"]
[BlackElo "1475"]
[PlyCount "21"]
[EventDate "2000.??.??"]

1. e4 d5 2. exd5 Nf6 3. d4 Nxd5 4. c4 Nb6 5. Nf3 Nc6 6. Be2 Bf5 7. O-O Qd7 8.
d5 Nb4 9. Nd4 O-O-O 10. Nxf5 Qxf5 11. Bg4 {aboutarek resigns} 1-0

[Event "ICS rated blitz match"]
[Site "204.178.125.65"]
[Date "2000.07.11"]
[Round "?"]
[White "PostModernist"]
[Black "Hossa"]
[Result "1-0"]
[WhiteElo "2734"]
[BlackElo "2503"]
[PlyCount "123"]
[EventDate "2000.??.??"]

1. e4 c5 2. c3 e6 3. d4 d5 4. e5 cxd4 5. cxd4 Nc6 6. Nf3 Bd7 7. Be2 Rc8 8. O-O
Nge7 9. Nc3 Nf5 10. a3 Be7 11. Bd3 Nh4 12. Nxh4 Bxh4 13. Qg4 Kf8 14. Be3 h5 15.
Qf4 Ke8 16. Nb5 Be7 17. Rfc1 g5 18. Qg3 h4 19. Qf3 h3 20. Bxg5 Nxd4 21. Nxd4
Bxg5 22. Rxc8 Bxc8 23. Nb5 Ke7 24. gxh3 Rg8 25. Kh1 f6 26. Qh5 Rh8 27. Qg6 Qf8
28. Nxa7 Bd7 29. Rg1 Kd8 30. Bb5 Rxh3 31. Bxd7 Kxd7 32. Qc2 Rh4 33. Qb3 Qb8 34.
Qb5+ Kc7 35. Qc5+ Kd7 36. f4 Rxh2+ 37. Kxh2 Bxf4+ 38. Kh1 Qh8+ 39. Kg2 fxe5 40.
Rh1 Qg8+ 41. Kf1 e4 42. Qb4 Kc7 43. Qe7+ Kb8 44. Rh7 Qxh7 45. Nc6+ bxc6 46.
Qxh7 Bc7 47. Qg8+ Kb7 48. Qxe6 Kb6 49. b4 Bf4 50. a4 Bd2 51. b5 Kc5 52. Qxc6+
Kd4 53. Qd6 Kc4 54. b6 Be3 55. b7 Bc5 56. Qc6 Kd4 57. b8=Q Bb4 58. Qxb4+ Ke5
59. Qb2+ Kf5 60. Qcf6+ Kg4 61. Qg2+ Kh5 62. Qgg6# {Hossa checkmated} 1-0

[Event "ICS rated blitz match"]
[Site "204.178.125.65"]
[Date "2000.07.11"]
[Round "?"]
[White "Hossa"]
[Black "PostModernist"]
[Result "0-1"]
[WhiteElo "2496"]
[BlackElo "2741"]
[PlyCount "114"]
[EventDate "2000.??.??"]

1. e4 g6 2. d4 Bg7 3. Nc3 d6 4. f4 Nc6 5. Nf3 Bg4 6. Be3 Bxf3 7. gxf3 e6 8. Qd2
Nge7 9. O-O-O d5 10. Bf2 Qd7 11. Na4 dxe4 12. fxe4 O-O-O 13. Nc5 Qd6 14. c3 Bh6
15. Be3 Nb8 16. Kb1 Nd7 17. Nb3 Qc6 18. Bg2 Nb6 19. Nc5 Nc4 20. Qe2 Nxe3 21.
Qxe3 Qb5 22. Bf1 Qb6 23. Rd2 Kb8 24. Rf2 Ka8 25. Qe2 Bg7 26. Qg4 h5 27. Qe2 c6
28. Qe3 h4 29. Rd2 e5 30. fxe5 Bh6 31. Qf2 Bxd2 32. Qxd2 Qxc5 33. Qf2 Qb6 34.
Qxf7 Qc7 35. Qf4 Kb8 36. Rg1 Rdf8 37. Qe3 c5 38. Bb5 Rd8 39. Ba4 cxd4 40. cxd4
Qc4 41. d5 Qxa4 42. b3 Qa6 43. a4 Rh5 44. e6 Qd6 45. Rg2 Qe5 46. Qf3 Rc8 47.
Ka2 Rhh8 48. Rd2 Rc1 49. Rb2 Re1 50. Qf7 Nc8 51. Qxg6 Nd6 52. b4 Nxe4 53. Rc2
Qa1+ 54. Kb3 Qb1+ 55. Kc4 Qxc2+ 56. Kb5 Qd3+ 57. Ka5 Qa6# {Hossa checkmated}
0-1

[Event "ICS rated standard match"]
[Site "204.178.125.65"]
[Date "2000.07.11"]
[Round "?"]
[White "B-Amin"]
[Black "Hossa"]
[Result "0-1"]
[WhiteElo "2253"]
[BlackElo "2390"]
[PlyCount "38"]
[EventDate "2000.??.??"]

1. e4 c5 2. Nf3 e6 3. d3 d5 4. Nbd2 Nc6 5. g3 Nf6 6. Bg2 Be7 7. O-O O-O 8. Re1
dxe4 9. dxe4 e5 10. Qe2 Nd4 11. Nxd4 cxd4 12. h3 Qc7 13. Qc4 Qa5 14. f4 Nh5 15.
Kh2 exf4 16. g4 Ng3 17. Qxd4 Bc5 18. Nb3 Qxe1 19. Nxc5 Ne2 {B-Amin resigns} 0-1

[Event "ICS rated standard match"]
[Site "204.178.125.65"]
[Date "2000.07.12"]
[Round "?"]
[White "QueenMaxima"]
[Black "Hossa"]
[Result "1/2-1/2"]
[WhiteElo "2352"]
[BlackElo "2395"]
[PlyCount "142"]
[EventDate "2000.??.??"]

1. d4 d5 2. c4 dxc4 3. e4 e5 4. Nf3 exd4 5. Bxc4 Bb4+ 6. Nbd2 Nc6 7. O-O Nf6 8.
e5 Nd7 9. e6 fxe6 10. Bxe6 Nc5 11. Bc4 Be6 12. Re1 Kf7 13. Bxe6+ Nxe6 14. Qb3
Re8 15. a3 Bxd2 16. Bxd2 h6 17. Qxb7 Ne7 18. Qa6 Ng6 19. Rac1 Qd5 20. Qc6 Qxc6
21. Rxc6 Rad8 22. Ra6 Ra8 23. b4 Re7 24. h4 c5 25. Rd6 cxb4 26. h5 Ngf8 27.
Ne5+ Kg8 28. Nc6 Rf7 29. axb4 Rf6 30. Nxd4 Nxd4 31. Rxd4 Re6 32. Rxe6 Nxe6 33.
Rd7 Rd8 34. Rxd8+ Nxd8 35. Kf1 Nc6 36. Ke2 a6 37. Ke3 Kf8 38. Bc3 Kf7 39. Ke4
Ne7 40. g4 Kg8 41. Ke5 Nc8 42. Kd5 Kf7 43. Kc6 Ne7+ 44. Kb7 Nd5 45. Bd2 Nf6 46.
f3 Nd5 47. Kxa6 Ke6 48. b5 Nc7+ 49. Ka5 Nd5 50. b6 Kd7 51. Ka6 Kc6 52. b7 Nc7+
53. Ka7 Nb5+ 54. Ka8 Nc7+ 55. Kb8 Ne6 56. Ka7 Nc7 57. b8=Q Nd5 58. Bb4 Nxb4 59.
Qxb4 Kd5 60. Qb7+ Kc5 61. Qxg7 Kc4 62. Qxh6 Kd3 63. Qg6+ Ke3 64. Qe4+ Kd2 65.
h6 Kc3 66. h7 Kb2 67. h8=Q+ Kb3 68. f4 Ka2 69. Kb6 Kb3 70. Kc5 Ka2 71. Qe6+ Kb1
1/2-1/2

[Event "ICS rated blitz match"]
[Site "204.178.125.65"]
[Date "2000.07.12"]
[Round "?"]
[White "tryany1"]
[Black "Hossa"]
[Result "0-1"]
[WhiteElo "2004"]
[BlackElo "2494"]
[PlyCount "50"]
[EventDate "2000.??.??"]

1. d4 d5 2. c4 dxc4 3. e3 Nc6 4. Bxc4 a6 5. a4 e5 6. Qb3 Nh6 7. dxe5 Nxe5 8.
Be2 Be6 9. Qc2 Bb4+ 10. Nc3 O-O 11. f4 Nc6 12. Nf3 Re8 13. O-O Bf5 14. Qb3 Qd6
15. h3 Na5 16. Qd5 Qf8 17. Ne5 Rad8 18. Qf3 Nb3 19. Ra2 Rxe5 20. fxe5 Be6 21.
Qxb7 Nxc1 22. Rxc1 Bxc3 23. Ra3 Rb8 24. Qxc7 Bxb2 25. Raa1 Rc8 {tryany1 resigns
} 0-1

[Event "ICS rated blitz match"]
[Site "204.178.125.65"]
[Date "2000.07.12"]
[Round "?"]
[White "Hossa"]
[Black "tryany1"]
[Result "1-0"]
[WhiteElo "2496"]
[BlackElo "2002"]
[PlyCount "55"]
[EventDate "2000.??.??"]

1. e4 c5 2. Nf3 e6 3. b3 Nf6 4. e5 Nd5 5. Bc4 Nc7 6. Bb2 b5 7. Be2 Bb7 8. O-O
d5 9. exd6 Bxd6 10. Bxg7 Rg8 11. Bb2 Nc6 12. Na3 Nd4 13. Bxd4 cxd4 14. Nxb5
Nxb5 15. Bxb5+ Ke7 16. g3 Bc5 17. Re1 d3 18. Bxd3 Qd6 19. Ne5 f6 20. Qh5 Rg7
21. Nc4 Rxg3+ 22. Kf1 Qd4 23. Rxe6+ Kxe6 24. Re1+ Kd7 25. Qf7+ Kc6 26. Na5+ Kd6
27. Qe7+ Kd5 28. Qe6# {tryany1 checkmated} 1-0

[Event "ICS rated standard match"]
[Site "204.178.125.65"]
[Date "2000.07.12"]
[Round "?"]
[White "kungs"]
[Black "Hossa"]
[Result "0-1"]
[WhiteElo "1956"]
[BlackElo "2393"]
[PlyCount "54"]
[EventDate "2000.??.??"]

1. c4 Nf6 2. Nc3 g6 3. d4 Bg7 4. e4 d6 5. Be2 O-O 6. Nf3 e5 7. d5 Na6 8. O-O
Nc5 9. Qc2 a5 10. Ne1 a4 11. f3 b6 12. Nd3 Nxd3 13. Bxd3 a3 14. bxa3 Nh5 15.
Rd1 Nf4 16. Bf1 f5 17. Rb1 Bd7 18. Be3 fxe4 19. Nxe4 Ba4 20. Qc3 Bxd1 21. Rxd1
Qd7 22. Rb1 Qf5 23. Qb3 Rad8 24. a4 Ra8 25. c5 bxc5 26. Bb5 Nxg2 27. Kxg2 Qxf3+
{kungs resigns} 0-1

[Event "ICS rated blitz match"]
[Site "204.178.125.65"]
[Date "2000.07.12"]
[Round "?"]
[White "zhora"]
[Black "Hossa"]
[Result "0-1"]
[WhiteElo "2113"]
[BlackElo "2498"]
[PlyCount "40"]
[EventDate "2000.??.??"]

1. e4 c5 2. Ne2 Nf6 3. d3 d6 4. g3 d5 5. e5 Ng4 6. f4 d4 7. Bg2 g6 8. h3 Nh6 9.
O-O Nf5 10. Nd2 Ne3 11. Qe1 Nxc2 12. Qd1 Nxa1 13. Ne4 c4 14. Nc5 cxd3 15. Qxd3
Qb6 16. Ne4 Nc6 17. Nd2 Be6 18. b3 Bf5 19. Qc4 d3+ 20. Kh2 dxe2 {zhora resigns}
0-1

[Event "ICS Rated standard match"]
[Site "204.178.125.65"]
[Date "2000.07.12"]
[Round "?"]
[White "Hossa"]
[Black "manhu"]
[Result "1-0"]
[WhiteElo "2395"]
[BlackElo "1909"]
[PlyCount "48"]
[EventDate "2000.??.??"]

1. e4 c6 2. d4 d6 3. Nf3 Nf6 4. Nc3 g6 5. e5 dxe5 6. dxe5 Qxd1+ 7. Nxd1 Ne4 8.
b4 e6 9. c3 c5 10. Bd3 f5 11. exf6 Nxf6 12. bxc5 Bxc5 13. Bh6 Ng4 14. Bg7 Rg8
15. Bd4 Bxd4 16. cxd4 Nc6 17. Rc1 Bd7 18. Rb1 b6 19. Ne3 Nf6 20. O-O Kf7 21.
Rfc1 Rgc8 22. Ba6 Re8 23. Bb7 h6 24. Bxc6 Bxc6 {manhu resigns} 1-0

[Event "ICS rated standard match"]
[Site "204.178.125.65"]
[Date "2000.07.12"]
[Round "?"]
[White "Hossa"]
[Black "manhu"]
[Result "1-0"]
[WhiteElo "2399"]
[BlackElo "1905"]
[PlyCount "65"]
[EventDate "2000.??.??"]

1. e4 c5 2. Nf3 Nc6 3. Bb5 a6 4. Bxc6 bxc6 5. O-O g6 6. d4 Qb6 7. dxc5 Qxc5 8.
Be3 Qb4 9. Bd4 Nf6 10. e5 Nd5 11. c3 Qb8 12. e6 f6 13. exd7+ Bxd7 14. Re1 Bg7
15. c4 Nc7 16. Nc3 Ne6 17. Na4 O-O 18. Nb6 Qc7 19. Nxa8 Rxa8 20. Bb6 Qc8 21. c5
Kf8 22. Qe2 Qe8 23. Qc4 Nd8 24. Bc7 Qf7 25. Qd4 e5 26. Qd6+ Qe7 27. Rad1 Qxd6
28. Rxd6 Ke7 29. Red1 Bg4 30. Bxd8+ Ke8 31. Bxf6 Bxf6 32. Rxf6 e4 33. Re1 {
manhu resigns} 1-0

[Event "ICS rated blitz match"]
[Site "204.178.125.65"]
[Date "2000.07.12"]
[Round "?"]
[White "Jossi"]
[Black "Hossa"]
[Result "0-1"]
[WhiteElo "2311"]
[BlackElo "2501"]
[PlyCount "22"]
[EventDate "2000.??.??"]

1. e4 c5 2. f4 e5 3. fxe5 Qh4+ 4. g3 Qxe4+ 5. Qe2 Qxh1 6. Nf3 Nc6 7. d3 Nd4 8.
Nxd4 cxd4 9. Bf4 Qc6 10. Na3 Bxa3 11. bxa3 Qc3+ {Jossi resigns} 0-1

[Event "ICS rated blitz match"]
[Site "204.178.125.65"]
[Date "2000.07.12"]
[Round "?"]
[White "Hossa"]
[Black "Jossi"]
[Result "1-0"]
[WhiteElo "2509"]
[BlackElo "2303"]
[PlyCount "53"]
[EventDate "2000.??.??"]

1. e4 d5 2. exd5 Qxd5 3. Nc3 Qa5 4. d4 c6 5. Nf3 Nf6 6. Ne5 Nbd7 7. Nc4 Qc7 8.
d5 cxd5 9. Nxd5 Nxd5 10. Qxd5 e6 11. Qf3 Nf6 12. Bf4 Qc6 13. Be2 Qxf3 14. Bxf3
Bb4+ 15. c3 Be7 16. Nd6+ Bxd6 17. Bxd6 a5 18. O-O-O Ra6 19. Rhe1 b5 20. Re5 Bd7
21. Bc5 b4 22. Bb7 Rc6 23. Bxc6 Bxc6 24. cxb4 axb4 25. Bxb4 Bd5 26. Re2 Bxa2
27. Rc2 {Jossi resigns} 1-0

[Event "ICS rated blitz match"]
[Site "204.178.125.65"]
[Date "2000.07.12"]
[Round "?"]
[White "Jossi"]
[Black "Hossa"]
[Result "0-1"]
[WhiteElo "2296"]
[BlackElo "2516"]
[PlyCount "29"]
[EventDate "2000.??.??"]

1. e4 c5 2. f4 e5 3. Nc3 exf4 4. Nf3 d6 5. Bc4 Bg4 6. d3 g5 7. h3 Be6 8. Bxe6
fxe6 9. O-O Nc6 10. Nh2 Qe7 11. Ng4 Bg7 12. Kh2 h5 13. Nf2 O-O-O 14. Qf3 g4 15.
Qxf4 {Jossi resigns} 0-1

[Event "ICS rated standard match"]
[Site "204.178.125.65"]
[Date "2000.07.12"]
[Round "?"]
[White "Mungo"]
[Black "Hossa"]
[Result "1-0"]
[WhiteElo "2536"]
[BlackElo "2401"]
[PlyCount "147"]
[EventDate "2000.??.??"]

1. d4 d5 2. c4 dxc4 3. Nf3 Bd7 4. e3 b5 5. a4 e6 6. Ne5 Bb4+ 7. Bd2 Bxd2+ 8.
Nxd2 Nh6 9. Qf3 Na6 10. Nc6 Qf6 11. Be2 bxa4 12. Nxc4 Qxf3 13. Bxf3 f6 14. Rxa4
Nb8 15. Rxa7 Rxa7 16. Nxa7 Nf5 17. O-O Nh4 18. Bb7 Nf5 19. Rc1 Kd8 20. Be4 Be8
21. b4 Ne7 22. Na5 f5 23. Nb7+ Kd7 24. Nc5+ Kd6 25. Bf3 c6 26. b5 cxb5 27. Nb7+
Kd7 28. Nxb5 Nec6 29. Nc5+ Ke7 30. Nxe6 Nd8 31. Nec7 Bxb5 32. Nxb5 h5 33. Rc5
g6 34. Re5+ Kd7 35. Rd5+ Ke7 36. e4 fxe4 37. Bxe4 Kf7 38. Rd6 g5 39. d5 Nb7 40.
Bg6+ Kg7 41. Rb6 Na5 42. Nd4 Nd7 43. Nf5+ Kg8 44. Re6 Nf8 45. Re8 Nc4 46. d6
Nb6 47. Rb8 Nbd7 48. Rb7 Nxg6 49. Rxd7 Ne5 50. Rg7+ Kf8 51. Re7 Nf7 52. d7 Kg8
53. h4 g4 54. Nh6+ Rxh6 55. Rxf7 Rd6 56. Re7 Kf8 57. Re8+ Kf7 58. d8=Q Rxd8 59.
Rxd8 Kg6 60. Rh8 g3 61. fxg3 Kg7 62. Rxh5 Kg6 63. g4 Kf6 64. Rh6+ Ke5 65. g5
Kd4 66. g6 Ke4 67. g7 Kd4 68. g8=Q Kc5 69. Qc8+ Kd4 70. Rd6+ Ke5 71. Qe6+ Kf4
72. Qf6+ Ke4 73. h5 Ke3 74. Qe5# {Hossa checkmated} 1-0

[Event "ICS rated blitz match"]
[Site "204.178.125.65"]
[Date "2000.07.12"]
[Round "?"]
[White "Hossa"]
[Black "Argentinoo"]
[Result "1-0"]
[WhiteElo "2523"]
[BlackElo "1888"]
[PlyCount "41"]
[EventDate "2000.??.??"]

1. d4 d5 2. c4 e6 3. Nc3 Nf6 4. Bg5 Be7 5. Nf3 O-O 6. e3 h6 7. Bxf6 Bxf6 8. Bd3
b6 9. cxd5 exd5 10. Rc1 Ba6 11. O-O Bxd3 12. Qxd3 c6 13. b4 a6 14. a4 Qd6 15.
e4 dxe4 16. Nxe4 Qxb4 17. Nxf6+ gxf6 18. Qe3 c5 19. Qxh6 Nd7 20. Nh4 f5 21.
Nxf5 {Argentinoo resigns} 1-0

[Event "ICS rated blitz match"]
[Site "204.178.125.65"]
[Date "2000.07.12"]
[Round "?"]
[White "Argentinoo"]
[Black "Hossa"]
[Result "0-1"]
[WhiteElo "1887"]
[BlackElo "2524"]
[PlyCount "40"]
[EventDate "2000.??.??"]

1. e4 e5 2. Nf3 Nc6 3. Bb5 Nf6 4. O-O Nxe4 5. Re1 Nd6 6. Nxe5 Be7 7. Ba4 b5 8.
Bb3 Nxe5 9. Rxe5 O-O 10. d4 Bb7 11. Nc3 Bf6 12. Rh5 Re8 13. Bf4 g6 14. Rh3 Nf5
15. Nxb5 d6 16. c3 Qd7 17. Na3 Qe7 18. Bc2 Be4 19. Nc4 Bxc2 20. Qxc2 Qe1+ {
Argentinoo resigns} 0-1

[Event "ICS rated blitz match"]
[Site "204.178.125.65"]
[Date "2000.07.12"]
[Round "?"]
[White "Hossa"]
[Black "Argentinoo"]
[Result "1-0"]
[WhiteElo "2525"]
[BlackElo "1886"]
[PlyCount "53"]
[EventDate "2000.??.??"]

1. d4 d5 2. c4 e6 3. Nc3 Nf6 4. Bg5 Be7 5. Nf3 O-O 6. e3 h6 7. Bxf6 Bxf6 8. Bd3
b6 9. cxd5 exd5 10. Rc1 c5 11. O-O Nc6 12. dxc5 bxc5 13. Nxd5 Bxb2 14. Rxc5 Ne7
15. Nxe7+ Qxe7 16. Qc2 Be6 17. Nd4 Bxd4 18. exd4 Rfd8 19. Rc7 Qf6 20. Bh7+ Kh8
21. Be4 Bd5 22. Rd1 Bxe4 23. Qxe4 Re8 24. Qd3 Qf4 25. Rb7 Rab8 26. g3 Qd6 27.
Rxf7 {Argentinoo resigns} 1-0

[Event "ICS rated blitz match"]
[Site "204.178.125.65"]
[Date "2000.07.12"]
[Round "?"]
[White "Argentinoo"]
[Black "Hossa"]
[Result "0-1"]
[WhiteElo "1885"]
[BlackElo "2526"]
[PlyCount "35"]
[EventDate "2000.??.??"]

1. e4 c5 2. Nf3 e6 3. d4 cxd4 4. Nxd4 a6 5. Nc3 Qc7 6. Be2 Nf6 7. O-O Be7 8. f4
d6 9. Nf3 O-O 10. Be3 Ng4 11. Qd2 Nxe3 12. Qxe3 b6 13. Rad1 Nd7 14. Nd4 Nc5 15.
f5 Bd7 16. Bg4 Bf6 17. Qh3 Rae8 18. fxe6 {Argentinoo resigns} 0-1

[Event "ICS rated blitz match"]
[Site "204.178.125.65"]
[Date "2000.07.12"]
[Round "?"]
[White "Hossa"]
[Black "Dorky"]
[Result "1-0"]
[WhiteElo "2527"]
[BlackElo "2237"]
[PlyCount "165"]
[EventDate "2000.??.??"]

1. d4 Nf6 2. c4 g6 3. Nc3 Bg7 4. e4 d6 5. Nf3 O-O 6. Be2 e5 7. Be3 c6 8. O-O
Ng4 9. Bg5 f6 10. Bh4 h6 11. h3 exd4 12. Nxd4 Ne5 13. f4 c5 14. Ndb5 Nf7 15.
Nd5 Nc6 16. Nbc7 Rb8 17. Bg4 Nd4 18. Qd2 Bxg4 19. hxg4 Rc8 20. Nb5 Nxb5 21.
cxb5 g5 22. Bf2 Qe8 23. Rae1 gxf4 24. b6 axb6 25. Qxf4 Qd8 26. Re2 b5 27. Bh4
Ng5 28. Qf5 b4 29. Qxc8 Qxc8 30. Ne7+ Kh8 31. Nxc8 Rxc8 32. Bg3 Nf7 33. Rd2 Ra8
34. Bxd6 Nxd6 35. Rxd6 Rxa2 36. Rb1 b5 37. Rd5 Bf8 38. Kf2 b3 39. Rd7 c4 40.
Kf3 Kg8 41. g3 Ra8 42. Rb7 Ra5 43. Kf4 Bd6+ 44. Kf5 Be5 45. Kg6 Kf8 46. Rh1 Ra6
47. Rd1 Ke8 48. Rb1 Ra5 49. Rh1 Kd8 50. Rxh6 f5 51. gxf5 Kc8 52. Rhh7 Ra6+ 53.
Kh5 Ra1 54. Rxb5 Rh1+ 55. Kg6 Rxh7 56. Kxh7 Bxb2 57. Rc5+ Kd7 58. Rxc4 Bf6 59.
Rc1 Kd6 60. Kg6 Bb2 61. Rb1 Bd4 62. Rxb3 Ba7 63. f6 Bc5 64. Rb5 Ba3 65. e5+ Ke6
66. Kg7 Kf5 67. Kf7 Kg4 68. e6 Kh3 69. e7 Bd6 70. Kf8 Kh2 71. f7 Kxg3 72. Ke8
Bf4 73. f8=Q Be3 74. Qf6 Bc5 75. Qf4+ Kxf4 76. Rxc5 Ke4 77. Rh5 Kd3 78. Kd7 Kc4
79. e8=Q Kd4 80. Qe2 Kc3 81. Kc6 Kd4 82. Qf3 Kc4 83. Rh4# {Dorky checkmated}
1-0

[Event "ICS rated blitz match"]
[Site "204.178.125.65"]
[Date "2000.07.12"]
[Round "?"]
[White "Dorky"]
[Black "Hossa"]
[Result "1/2-1/2"]
[WhiteElo "2232"]
[BlackElo "2532"]
[PlyCount "240"]
[EventDate "2000.??.??"]

1. d4 Nf6 2. Nf3 e6 3. c4 Bb4+ 4. Nbd2 O-O 5. a3 Be7 6. e4 d5 7. e5 Ne4 8. Qc2
Nxd2 9. Bxd2 dxc4 10. Bxc4 Nc6 11. Qe4 f5 12. exf6 Bxf6 13. Be3 Rf7 14. O-O Kh8
15. Bd3 g6 16. Ne5 Bxe5 17. dxe5 Qd5 18. Rac1 Bd7 19. Rc5 Qxe4 20. Bxe4 Kg7 21.
b4 a6 22. a4 Nxb4 23. Rb1 Nd5 24. Rxb7 Bxa4 25. Bxd5 exd5 26. Bd4 Kh6 27. Be3+
Kg7 28. e6 Re7 29. Rcxc7 Rxc7 30. Bd4+ Kf8 31. Rxc7 Re8 32. Rf7+ Kg8 33. Rg7+
Kf8 34. Rxh7 Rxe6 35. f3 Ke8 36. Kf2 Re7 37. Rh6 Bc2 38. Rh8+ Kd7 39. Ra8 Bd3
40. Ra7+ Ke6 41. Rxe7+ Kxe7 42. Ke3 Bb5 43. Bc3 Kd6 44. f4 Kc5 45. h4 Bd7 46.
Bd4+ Kc4 47. Bb6 Bg4 48. g3 Bd7 49. Bd4 a5 50. Bf6 Bg4 51. Bd4 a4 52. Bb2 Kb3
53. Bf6 a3 54. Kd4 Kc2 55. Kxd5 a2 56. Ba1 Kb1 57. Bc3 Bf5 58. Ke5 Bc2 59. g4
Bd3 60. f5 Kc2 61. Kd4 gxf5 62. g5 f4 63. Ba1 Bg6 64. h5 Bxh5 65. Ke4 f3 66.
Ke3 Kb1 67. Bg7 Bg4 68. g6 Be6 69. Kxf3 Kc2 70. Ke3 Bc4 71. Ba1 Bd5 72. Kd4 Bg8
73. Ke4 Kb1 74. Bc3 Kc1 75. Bd4 Kd2 76. Be5 Be6 77. Bb2 Kc2 78. Ba1 Kc1 79. Ke5
Bc4 80. Kd4 Bb3 81. Kc3 Be6 82. Kd4 Kb1 83. Bc3 Kc2 84. g7 Bg8 85. Ba1 Kb1 86.
Bc3 Kc1 87. Ke5 Kc2 88. Ba1 Kb1 89. Bd4 Kc2 90. Ba1 Kb1 91. Bd4 Kc2 92. Ba1 Kb1
93. Bd4 Kc2 94. Ba1 Kb1 95. Bd4 Kc2 96. Ba1 Kb1 97. Bd4 Kc2 98. Ba1 Kb1 99. Bd4
Kc2 100. Ba1 Kb1 101. Bd4 Kc2 102. Ba1 Kb1 103. Bd4 Kc2 104. Ba1 Kb1 105. Bd4
Kc2 106. Ba1 Kb1 107. Bd4 Kc2 108. Ba1 Kb1 109. Bd4 Kc2 110. Ba1 Kb1 111. Bd4
Kc2 112. Ba1 Kb1 113. Bd4 Kc2 114. Ba1 Kb1 115. Bd4 Kc2 116. Ba1 Kb1 117. Bd4
Kc2 118. Ba1 Kb1 119. Bd4 Kc2 120. Ba1 Kb1 1/2-1/2